000 00599nam a22001697a 4500
999 _c15691
_d15691
008 201022b ||||| |||| 00| 0 eng d
020 _a9-71083298-0 (pbk)
082 _21987
_aDFil 780.7
_bR52
100 _aRivadelo, Rosita F.
_942461
245 _aMusic education:
_bmaterials and methods/
_cRosita F. Rivadelo
260 _aMandaluyong City:
_b National Book Store,
_c©1987.
300 _axi, 255 pages:
_billustrations;
_c22 cm.
500 _aIncludes bibliographical references and index.
650 _aMusic -- Study and teaching.
_942353
650 _aMusic.
_942462
942 _2ddc
_cDFIL